[Event "Benidorm Once Cup tt"]
[Site "Benidorm"]
[Date "2011.11.19"]
[Round "7.3"]
[White "Quintero Hernandez, Luis Jose"]
[Black "Bezanilla Fernandez, Angel"]
[Result "1/2-1/2"]
[WhiteElo "1713"]
[BlackElo "1707"]
[PlyCount "45"]
[EventDate "2011.11.13"]
[EventType "team-tourn"]
[EventRounds "7"]
[EventCountry "ESP"]
[SourceTitle "CBM 145 Extra"]
[Source "ChessBase"]
[SourceDate "2012.01.03"]
[SourceVersion "1"]
[SourceVersionDate "2012.01.03"]
[SourceQuality "1"]
[WhiteTeam "Alicante"]
[BlackTeam "Cantabria"]
[WhiteTeamCountry "ESP"]
[BlackTeamCountry "ESP"]

1. d4 Nf6 2. Nc3 e6 3. Bg5 Be7 4. e4 d5 5. e5 Nfd7 6. Bxe7 Qxe7 7. f4 a6 8. Nf3 c5 9. dxc5 Nxc5 10. Nd4 Nc6 11. Be2 Nxd4 12. Qxd4 b5 13. 0-0 Bb7 14. Bg4 0-0 15. Rae1 Nd7 16. Bf3 Qc5 17. Qxc5 Nxc5 18. Ne2 Rfd8 19. Nd4 Rac8 20. c3 Nd3 21. Re2 Nxf4 22. Re3 Rc7 23. Bg4 1/2-1/2

[Event "Benidorm Once Cup tt"]
[Site "Benidorm"]
[Date "2011.11.16"]
[Round "4.3"]
[White "Garcia Cruz, Francisco"]
[Black "Quintero Hernandez, Luis Jose"]
[Result "0-1"]
[WhiteElo "1658"]
[BlackElo "1713"]
[PlyCount "94"]
[EventDate "2011.11.13"]
[EventType "team-tourn"]
[EventRounds "7"]
[EventCountry "ESP"]
[SourceTitle "CBM 145 Extra"]
[Source "ChessBase"]
[SourceDate "2012.01.03"]
[SourceVersion "1"]
[SourceVersionDate "2012.01.03"]
[SourceQuality "1"]
[WhiteTeam "Tenerife"]
[BlackTeam "Alicante"]
[WhiteTeamCountry "ESP"]
[BlackTeamCountry "ESP"]

1. c4 e5 2. e4 c5 3. Nf3 Nc6 4. Nc3 d6 5. d3 Nge7 6. Bg5 g6 7. Qd2 Bg7 8. Be2 h6 9. Bh4 g5 10. Bg3 Ng6 11. h3 Be6 12. Nd5 Bxd5 13. cxd5 Nce7 14. Nh2 h5 15. f3 Nf4 16. Bf1 Neg6 17. Bf2 h4 18. Ng4 Rc8 19. Rc1 0-0 20. Ne3 a6 21. Nf5 Nh5 22. g3 hxg3 23. Nxg3 Nxg3 24. Bxg3 Nf4 25. h4 Qf6 26. hxg5 Qxg5 27. Qh2 Ng2+ 28. Bxg2 Qxc1+ 29. Kf2 Qxb2+ 30. Kg1 Qc1+ 31. Bf1 Rfe8 32. Qh7+ Kf8 33. Rh4 c4 34. Rg4 Qh6 35. Qxh6 Bxh6 36. dxc4 Rc5 37. Bf2 Ra5 38. Bb6 Rxa2 39. c5 Be3+ 40. Kh1 Bxc5 41. Bxc5 dxc5 42. f4 exf4 43. Rxf4 Re5 44. Bc4 Ra4 45. Bd3 Rd4 46. Bc2 b5 47. Rf6 Rd2 0-1

[Event "Benidorm Once Cup tt"]
[Site "Benidorm"]
[Date "2011.11.14"]
[Round "2.3"]
[White "Martinez Perez, Carlos"]
[Black "Quintero Hernandez, Luis Jose"]
[Result "0-1"]
[WhiteElo "1615"]
[BlackElo "1713"]
[PlyCount "24"]
[EventDate "2011.11.13"]
[EventType "team-tourn"]
[EventRounds "7"]
[EventCountry "ESP"]
[SourceTitle "CBM 145 Extra"]
[Source "ChessBase"]
[SourceDate "2012.01.03"]
[SourceVersion "1"]
[SourceVersionDate "2012.01.03"]
[SourceQuality "1"]
[WhiteTeam "Vigo Universidad"]
[BlackTeam "Alicante"]
[WhiteTeamCountry "ESP"]
[BlackTeamCountry "ESP"]

1. e4 e6 2. d4 d5 3. e5 c5 4. c3 Nc6 5. Nf3 Bd7 6. Be2 Be7 7. 0-0 Nh6 8. Nbd2 Nf5 9. Nb3 c4 10. Nbd2 0-0 11. Re1 f6 12. Bd3 cxd3 0-1